Microbial growth in biofilms /
This volume and its companion, Volume 337, supplement Volume 310. These volumes provide a contemporary sourcebook for virtually any kind of experimental approach involving biofilms. They cover bioengineering, molecular, genetic, microscopic, chemical, and physical methods.
| Other Authors: | |
|---|---|
| Format: | eBook |
| Language: | English |
| Published: |
San Diego, Calif. :
Academic Press,
©2001.
|
| Series: | Methods in enzymology ;
v. 336. Methods in enzymology ; v. 337. |
| Subjects: | |
| Online Access: | Full Text via HEAL-Link Full Text via HEAL-Link |
| LEADER | 03725nam a2200841 4500 | ||
|---|---|---|---|
| 001 | ocn643998931 | ||
| 003 | OCoLC | ||
| 005 | 20180501121926.0 | ||
| 006 | m o d | ||
| 007 | cr bn||||||abp | ||
| 007 | cr bn||||||ada | ||
| 008 | 100626s2001 caua ob 001 0 eng d | ||
| 040 | |a OCLCE |b eng |e pn |c OCLCE |d OPELS |d OCLCQ |d OCLCF |d OCLCQ |d CUSER |d COF |d AZU |d OCLCO |d UPM |d OCLCQ |d BUF |d GrThAP | ||
| 019 | |a 56578639 |a 326640321 |a 632045231 | ||
| 020 | |a 9780121822385 |q (electronic bk.) | ||
| 020 | |a 9780121822378 |q (electronic bk.) | ||
| 035 | |a (OCoLC)643998931 |z (OCoLC)56578639 |z (OCoLC)326640321 |z (OCoLC)632045231 | ||
| 042 | |a dlr | ||
| 050 | 4 | |a QP601 |b .M49 vol. 336-337 | |
| 060 | 4 | |a W1 |b ME9615K v.336 2001 | |
| 060 | 4 | |a QW 25 |b M62571 2001 | |
| 070 | |a QP601 |b .M49 v.336-337 | ||
| 072 | 0 | |a X300 | |
| 082 | 0 | 4 | |a 576.15 |
| 084 | |a 42.30 |2 bcl | ||
| 049 | |a TEFA | ||
| 245 | 0 | 0 | |a Microbial growth in biofilms / |c edited by Ron J. Doyle. |
| 260 | |a San Diego, Calif. : |b Academic Press, |c ©2001. | ||
| 300 | |a 1 online resource (2 volumes) : |b illustrations. | ||
| 336 | |a text |b txt |2 rdacontent | ||
| 337 | |a computer |b c |2 rdamedia | ||
| 338 | |a online resource |b cr |2 rdacarrier | ||
| 490 | 1 | |a Methods in enzymology ; |v v. 336, 337 | |
| 505 | 0 | |a pt. A. Developmental and molecular biological aspects -- pt. B. Special environments and physicochemical aspects. | |
| 504 | |a Includes bibliographical references and indexes. | ||
| 506 | |3 Use copy |f Restrictions unspecified |2 star |5 MiAaHDL | ||
| 533 | |a Electronic reproduction. |b [S.l.] : |c HathiTrust Digital Library, |d 2010. |5 MiAaHDL | ||
| 538 | |a Master and use copy. Digital master created according to Benchmark for Faithful Digital Reproductions of Monographs and Serials, Version 1. Digital Library Federation, December 2002. |u http://purl.oclc.org/DLF/benchrepro0212 |5 MiAaHDL | ||
| 583 | 1 | |a digitized |c 2010 |h HathiTrust Digital Library |l committed to preserve |2 pda |5 MiAaHDL | |
| 520 | |a This volume and its companion, Volume 337, supplement Volume 310. These volumes provide a contemporary sourcebook for virtually any kind of experimental approach involving biofilms. They cover bioengineering, molecular, genetic, microscopic, chemical, and physical methods. | ||
| 588 | 0 | |a Print version record. | |
| 650 | 0 | |a Biofilms. | |
| 650 | 0 | |a Microbial growth. | |
| 650 | 0 | |a Microbial ecology. | |
| 650 | 6 | |a Biofilms. | |
| 650 | 6 | |a Micro-organismes |x Croissance. | |
| 650 | 6 | |a Écologie microbienne. | |
| 650 | 7 | |a Biofilms. |2 fast |0 (OCoLC)fst00832066 | |
| 650 | 7 | |a Microbial ecology. |2 fast |0 (OCoLC)fst01019484 | |
| 650 | 7 | |a Microbial growth. |2 fast |0 (OCoLC)fst01019506 | |
| 650 | 1 | 7 | |a Micro-organismen. |2 gtt |
| 650 | 1 | 7 | |a Biofilms. |2 gtt |
| 650 | 7 | |a Biofilms. |2 ram | |
| 650 | 7 | |a Enzymes |x Technique. |2 ram | |
| 650 | 7 | |a Bactériologie |x Technique. |2 ram | |
| 650 | 7 | |a Microorganismes |x Croissance. |2 ram | |
| 650 | 7 | |a Écologie microbienne. |2 ram | |
| 650 | 2 | |a Biofilms. | |
| 650 | 2 | |a Bacterial Physiological Phenomena. | |
| 650 | 2 | |a Genetics, Microbial |x methods. | |
| 650 | 2 | |a Staphlococcus |x growth & development. | |
| 650 | 2 | |a Bacteria |x growth & development. | |
| 650 | 2 | |a Bacteriological Techniques. | |
| 650 | 2 | |a Ecology. | |
| 650 | 2 | |a Biofilms |x growth & development. | |
| 650 | 2 | |a Bacterial Adhesion |x physiology. | |
| 655 | 4 | |a Electronic books. | |
| 700 | 1 | |a Doyle, Ronald J. | |
| 776 | 0 | 8 | |i Print version: |w (OCoLC)47076563 |
| 830 | 0 | |a Methods in enzymology ; |v v. 336. | |
| 830 | 0 | |a Methods in enzymology ; |v v. 337. | |
| 856 | 4 | 0 | |u https://www.sciencedirect.com/science/bookseries/00766879/336 |z Full Text via HEAL-Link |
| 856 | 4 | 0 | |u https://www.sciencedirect.com/science/bookseries/00766879/337 |z Full Text via HEAL-Link |